Statistics for Whitest Cities in USA

Click here to take the quiz!

General Stats

  • This quiz has been taken 48 times
  • The average score is 2 of 10

Answer Stats

Percent of whiteCity% Correct
87.9%Boise, ID
66%
88.0%Lincoln, NE
29%
80.8%El Paso, TX
24%
78.8%Madison, WI
24%
85.3%Spokane, WA
20%
87.7%Laredo, TX
17%
80.1%Scottsdale, AZ
15%
87.9%Gilbert, AZ
10%
80.9%Corpus Christi, TX
7%
92.6%Hialeah, FL
7%

Score Distribution

Percentile by Number Answered

Percent of People with Each Score

Your Score History

You have not taken this quiz